000 00474nam a2200181Ia 4500
003 GCL
008 140319s9999 xx 000 0 eng d
040 _aGCL /
_cGCL
082 0 4 _a617.51
_bH H
100 1 _aHARMSBERGER, H. RIC
245 1 0 _aHEAD AND NECK IMAGING /
_cHARMSBERGER, H. RIC
260 _a[S.N] :
_bYEAR BOOK MEDICAL PUBLISHER ،
_c1990
300 _a547 P
650 0 4 _aRADIOGRAPHY
650 0 4 _aHEAD IMAGING
650 0 4 _aNECK IMAGING
942 _2ddc
_cBK
999 _c20865
_d20865